[Event "Budapest FS11 IM"]
[Site "Budapest"]
[Date "2021.11.16"]
[Round "11"]
[White "Bossy, Arnim"]
[Black "Martic, Zlatko"]
[Result "0-1"]
[WhiteElo "2191"]
[BlackElo "2286"]
[PlyCount "72"]
[EventDate "2021.11.06"]
[EventType "tourn"]
[EventRounds "11"]
[EventCountry "HUN"]
[EventCategory "1"]
[SourceTitle "CBM 205 Extra"]
[Source "ChessBase"]
[SourceDate "2022.01.31"]
[SourceVersion "1"]
[SourceVersionDate "2022.01.31"]
[SourceQuality "1"]

1. d4 Nf6 2. Nf3 g6 3. Bg5 Bg7 4. Nbd2 d5 5. e3 0-0 6. Be2 h6 7. Bh4 c5 8. c3 cxd4 9. exd4 Nc6 10. 0-0 Ne4 11. Nxe4 dxe4 12. Nd2 g5 13. Bg3 f5 14. f4 exf3 15. Nxf3 Be6 16. Qc2 Rc8 17. Qa4 Bd5 18. Bc4 e6 19. Bxd5 exd5 20. Rae1 Qd7 21. Re2 Rf7 22. Qb3 f4 23. Bf2 Rcf8 24. Rfe1 g4 25. Ne5 Bxe5 26. dxe5 Qe6 27. Kh1 Ne7 28. Rd2 g3 29. Bg1 Rg7 30. Bc5 Kh8 31. Bxe7 Qxe7 32. Qxd5 Qh4 33. h3 f3 34. Rd4 Qh5 35. Rf1 fxg2+ 36. Kxg2 Qe2+ 0-1

[Event "Budapest FS11 IM"]
[Site "Budapest"]
[Date "2021.11.11"]
[Round "6"]
[White "To, Nhat Minh"]
[Black "Bossy, Arnim"]
[Result "1-0"]
[WhiteElo "2365"]
[BlackElo "2191"]
[PlyCount "37"]
[EventDate "2021.11.06"]
[EventType "tourn"]
[EventRounds "11"]
[EventCountry "HUN"]
[EventCategory "1"]
[SourceTitle "CBM 205 Extra"]
[Source "ChessBase"]
[SourceDate "2022.01.31"]
[SourceVersion "1"]
[SourceVersionDate "2022.01.31"]
[SourceQuality "1"]

1. e4 c5 2. Nf3 d6 3. d4 cxd4 4. Nxd4 Nf6 5. Nc3 Nc6 6. f3 e5 7. Nb3 Be6 8. Be3 Be7 9. Qd2 0-0 10. 0-0-0 a5 11. a4 Nb4 12. g4 Rc8 13. Kb1 Qc7 14. g5 Nh5 15. Qf2 Bd8 16. Rd2 Qc6 17. Bb5 Qc7 18. Rhd1 Qb8 19. Rxd6 1-0

[Event "Budapest FS11 IM"]
[Site "Budapest"]
[Date "2021.11.08"]
[Round "3"]
[White "Sahithi Varshini, M."]
[Black "Bossy, Arnim"]
[Result "1-0"]
[WhiteElo "2141"]
[BlackElo "2191"]
[PlyCount "47"]
[EventDate "2021.11.06"]
[EventType "tourn"]
[EventRounds "11"]
[EventCountry "HUN"]
[EventCategory "1"]
[SourceTitle "CBM 205 Extra"]
[Source "ChessBase"]
[SourceDate "2022.01.31"]
[SourceVersion "1"]
[SourceVersionDate "2022.01.31"]
[SourceQuality "1"]

1. e4 c5 2. Nf3 d6 3. d4 cxd4 4. Nxd4 Nf6 5. Nc3 g6 6. Be3 Bg7 7. Be2 0-0 8. 0-0 Nc6 9. Qd2 Bd7 10. Rad1 Ng4 11. Nxc6 bxc6 12. Bd4 Qc7 13. h3 Nf6 14. f4 Be6 15. f5 Bc8 16. h4 Bb7 17. Bc4 c5 18. Bxf6 Bxf6 19. fxg6 hxg6 20. Rxf6 exf6 21. Qh6 Qe7 22. Qxg6+ Kh8 23. Qh6+ Kg8 24. Rd5 1-0

[Event "GER-ch Net blitz sf"]
[Site "Playchess.com INT"]
[Date "2021.06.05"]
[Round "12"]
[White "Bossy, Arnim"]
[Black "Bashylina, Luisa"]
[Result "0-1"]
[WhiteElo "2128"]
[BlackElo "1956"]
[PlyCount "32"]
[EventDate "2021.06.05"]
[EventType "swiss (blitz)"]
[EventRounds "13"]
[EventCountry "GER"]
[SourceTitle "EXT 2023"]
[Source "ChessBase"]
[SourceDate "2022.10.05"]
[SourceVersion "1"]
[SourceVersionDate "2022.10.05"]
[SourceQuality "1"]

1. d4 Nf6 2. Bf4 d5 3. e3 g6 4. Nc3 a6 5. h4 c5 6. h5 Bg7 7. hxg6 fxg6 8. Nf3 Nc6 9. Qd2 b5 10. Ne5 Bb7 11. f3 cxd4 12. exd4 Rc8 13. g4 Qb6 14. 0-0-0 b4 15. Ne2 Na5 16. Bh6 b3 0-1

[Event "GER-ch Net blitz sf"]
[Site "Playchess.com INT"]
[Date "2021.06.05"]
[Round "2"]
[White "Bossy, Arnim"]
[Black "Frohnhaeuser, Simon"]
[Result "1-0"]
[WhiteElo "2128"]
[BlackElo "1965"]
[PlyCount "49"]
[EventDate "2021.06.05"]
[EventType "swiss (blitz)"]
[EventRounds "13"]
[EventCountry "GER"]
[SourceTitle "EXT 2023"]
[Source "ChessBase"]
[SourceDate "2022.10.05"]
[SourceVersion "1"]
[SourceVersionDate "2022.10.05"]
[SourceQuality "1"]

1. d4 Nf6 2. Bf4 d5 3. e3 c5 4. dxc5 Nc6 5. Bb5 Qa5+ 6. Nc3 Bd7 7. a3 e5 8. b4 Qd8 9. Bg5 d4 10. Ne4 Be7 11. Bxf6 gxf6 12. Nf3 a6 13. Bc4 Bf5 14. Ng3 Bg4 15. 0-0 dxe3 16. fxe3 Qc7 17. Qd3 Rd8 18. Qe4 f5 19. Nxf5 Bxf5 20. Qxf5 Rf8 21. Ng5 Bxg5 22. Qxg5 Rd2 23. Qf5 Nd8 24. Rad1 Rxc2 25. Qxc2 1-0

[Event "GER-ch Net blitz sf"]
[Site "Playchess.com INT"]
[Date "2021.06.05"]
[Round "5"]
[White "Bossy, Arnim"]
[Black "Schulz, Michael4444"]
[Result "1-0"]
[WhiteElo "2128"]
[BlackElo "2024"]
[PlyCount "85"]
[EventDate "2021.06.05"]
[EventType "swiss (blitz)"]
[EventRounds "13"]
[EventCountry "GER"]
[SourceTitle "EXT 2023"]
[Source "ChessBase"]
[SourceDate "2022.10.05"]
[SourceVersion "1"]
[SourceVersionDate "2022.10.05"]
[SourceQuality "1"]

1. d4 Nf6 2. Bf4 g6 3. Nc3 Bg7 4. e4 d6 5. Qd2 Nc6 6. 0-0-0 0-0 7. f3 Nh5 8. Be3 e5 9. dxe5 Nxe5 10. g4 Nf6 11. h4 h5 12. g5 Nfd7 13. f4 Ng4 14. Bd4 Nb6 15. Bxg7 Kxg7 16. Nf3 Be6 17. Bd3 Qd7 18. Kb1 Kg8 19. Rhe1 Na4 20. Nxa4 Qxa4 21. a3 Bd7 22. f5 Bc6 23. Qc3 Rae8 24. Nd4 Ne5 25. Nxc6 bxc6 26. Be2 Rb8 27. Rd4 Qxd4 28. Qxd4 Rb6 29. Kc1 Rfb8 30. b3 c5 31. Qc3 c4 32. Bxc4 Rc6 33. fxg6 Nxc4 34. gxf7+ Kxf7 35. bxc4 Ke7 36. Qf6+ Kd7 37. Qf7+ Kc8 38. Qd5 Rcb6 39. Kd2 Ra6 40. g6 Rxa3 41. g7 Kd7 42. g8Q Rxg8 43. Qxg8 1-0

[Event "GER-ch Net blitz sf"]
[Site "Playchess.com INT"]
[Date "2021.06.05"]
[Round "7"]
[White "Meyling, Lennart"]
[Black "Bossy, Arnim"]
[Result "1-0"]
[WhiteElo "1912"]
[BlackElo "2128"]
[PlyCount "53"]
[EventDate "2021.06.05"]
[EventType "swiss (blitz)"]
[EventRounds "13"]
[EventCountry "GER"]
[SourceTitle "EXT 2023"]
[Source "ChessBase"]
[SourceDate "2022.10.05"]
[SourceVersion "1"]
[SourceVersionDate "2022.10.05"]
[SourceQuality "1"]

1. d4 f5 2. c4 Nf6 3. h4 d6 4. h5 e6 5. Nc3 Be7 6. Nf3 0-0 7. Bd2 b6 8. Qb3 Bb7 9. Ng5 Qd7 10. 0-0-0 a5 11. f3 a4 12. Qc2 Nc6 13. d5 exd5 14. cxd5 Nb4 15. Qb1 Nfxd5 16. e4 Nxc3 17. bxc3 Bxg5 18. Bc4+ Kh8 19. cxb4 Bxd2+ 20. Rxd2 fxe4 21. h6 exf3 22. gxf3 Bxf3 23. Rg1 Rg8 24. Rh2 d5 25. Qxh7+ Kxh7 26. hxg7+ Bh5 27. Rxh5# 1-0

[Event "GER-ch Net blitz sf"]
[Site "Playchess.com INT"]
[Date "2021.06.05"]
[Round "4"]
[White "Namyslo, Holger"]
[Black "Bossy, Arnim"]
[Result "1-0"]
[WhiteElo "2011"]
[BlackElo "2128"]
[PlyCount "82"]
[EventDate "2021.06.05"]
[EventType "swiss (blitz)"]
[EventRounds "13"]
[EventCountry "GER"]
[SourceTitle "EXT 2023"]
[Source "ChessBase"]
[SourceDate "2022.10.05"]
[SourceVersion "1"]
[SourceVersionDate "2022.10.05"]
[SourceQuality "1"]

1. e4 d5 2. exd5 Nf6 3. c4 e6 4. d4 exd5 5. Bd3 dxc4 6. Bxc4 Bb4+ 7. Nc3 0-0 8. Nge2 Nc6 9. 0-0 Bg4 10. Qb3 Bd6 11. Qc2 h6 12. a3 Qd7 13. Be3 Bf5 14. Bd3 Bxd3 15. Qxd3 Ne7 16. Rad1 Ned5 17. Ne4 Nxe4 18. Qxe4 c6 19. Ng3 Rfe8 20. Qf3 Qe6 21. Bd2 Qf6 22. Qxf6 Nxf6 23. Rfe1 Nd5 24. Nf5 Bf8 25. Kf1 f6 26. Rxe8 Rxe8 27. Re1 Rxe1+ 28. Kxe1 Kf7 29. Ke2 Ke6 30. Ng3 f5 31. Kd3 g6 32. Ne2 h5 33. Ng1 Bd6 34. Nf3 Nf4+ 35. Bxf4 Bxf4 36. g3 Bd6 37. a4 Kd5 38. Nh4 g5 39. Nxf5 h4 40. Nxd6 Kxd6 41. gxh4 gxh4 1-0

[Event "GER-ch Net blitz qual2"]
[Site "Playchess.com INT"]
[Date "2021.05.04"]
[Round "1"]
[White "Bossy, Arnim"]
[Black "Grund, Erwin1111"]
[Result "1-0"]
[WhiteElo "2064"]
[BlackElo "1673"]
[PlyCount "45"]
[EventDate "2021.05.04"]
[EventType "swiss (blitz)"]
[EventRounds "11"]
[EventCountry "GER"]
[SourceTitle "CBM 202 Extra"]
[Source "ChessBase"]
[SourceDate "2021.07.31"]
[SourceVersion "1"]
[SourceVersionDate "2021.07.31"]
[SourceQuality "1"]

1. d4 d5 2. Bf4 e6 3. e3 Bd6 4. Bg3 Nf6 5. Nf3 0-0 6. Nbd2 Ne4 7. Nxe4 dxe4 8. Nd2 f5 9. Be2 b6 10. 0-0 Bb7 11. Nc4 Qe7 12. Nxd6 cxd6 13. a4 Nc6 14. d5 Ne5 15. dxe6 Qxe6 16. c3 Kh8 17. Qd4 Rfd8 18. Rfd1 Rac8 19. a5 Rc5 20. axb6 axb6 21. Ra7 Bc8 22. b4 Nc6 23. Qxg7# 1-0

[Event "GER-ch Net blitz qual2"]
[Site "Playchess.com INT"]
[Date "2021.05.04"]
[Round "6"]
[White "Bossy, Arnim"]
[Black "Serreck, Uwe"]
[Result "1/2-1/2"]
[WhiteElo "2064"]
[BlackElo "1794"]
[PlyCount "126"]
[EventDate "2021.05.04"]
[EventType "swiss (blitz)"]
[EventRounds "11"]
[EventCountry "GER"]
[SourceTitle "CBM 202 Extra"]
[Source "ChessBase"]
[SourceDate "2021.07.31"]
[SourceVersion "1"]
[SourceVersionDate "2021.07.31"]
[SourceQuality "1"]

1. d4 g6 2. e4 Bg7 3. Nf3 d6 4. c3 Nd7 5. Bd3 Ngf6 6. 0-0 e5 7. h3 0-0 8. Be3 Qe7 9. Nbd2 Nh5 10. Re1 Nf4 11. Bxf4 exf4 12. Qc2 Re8 13. Re2 Nf8 14. a4 h6 15. a5 c6 16. e5 d5 17. c4 Be6 18. cxd5 cxd5 19. Qb3 Rac8 20. Ree1 Rc7 21. Rec1 Rec8 22. Rc2 Rxc2 23. Bxc2 Qc7 24. Bd3 Nd7 25. Kf1 f6 26. exf6 Nxf6 27. Bxg6 Bf7 28. Bd3 Ne4 29. Qd1 Bh5 30. Nxe4 dxe4 31. Bxe4 Bxf3 32. Bxf3 Qc4+ 33. Qe2 Qxe2+ 34. Kxe2 Bxd4 35. Rb1 Rc2+ 36. Kd3 Rxb2 37. Rxb2 Bxb2 38. Bxb7 Bd4 39. f3 Bf2 40. Ke4 Be3 41. g3 Bd2 42. g4 Be3 43. h4 Kg7 44. Kf5 Bd2 45. a6 Be3 46. h5 Bd2 47. g5 hxg5 48. Kxg5 Be3 49. Kg4 Kh6 50. Be4 Bd2 51. Bg6 Be3 52. Kf5 Bd2 53. Ke4 Be3 54. Kd3 Bb6 55. Ke4 Be3 56. Kd5 Bb6 57. Kc6 Be3 58. Kd7 Bb6 59. Ke6 Be3 60. Ke5 Bd2 61. Kd4 Be3+ 62. Kd3 Bb6 63. Ke4 Be3 1/2-1/2

[Event "GER-ch Net blitz qual2"]
[Site "Playchess.com INT"]
[Date "2021.05.04"]
[Round "2"]
[White "Stangl, Anita"]
[Black "Bossy, Arnim"]
[Result "1-0"]
[WhiteElo "1813"]
[BlackElo "2064"]
[PlyCount "69"]
[EventDate "2021.05.04"]
[EventType "swiss (blitz)"]
[EventRounds "11"]
[EventCountry "GER"]
[SourceTitle "CBM 202 Extra"]
[Source "ChessBase"]
[SourceDate "2021.07.31"]
[SourceVersion "1"]
[SourceVersionDate "2021.07.31"]
[SourceQuality "1"]

1. e4 d5 2. exd5 Nf6 3. c4 e6 4. dxe6 Bxe6 5. d3 Nc6 6. Nf3 Bc5 7. Be2 0-0 8. 0-0 Re8 9. Bg5 h6 10. Bh4 Nd4 11. Nxd4 Qxd4 12. Bxf6 Qxf6 13. Nc3 Bd4 14. Ne4 Qe5 15. Qb3 b6 16. Rab1 f5 17. Ng3 Rad8 18. Bf3 Qf6 19. Qb5 g6 20. b3 Kg7 21. Bc6 Re7 22. Rfe1 Rd6 23. Bf3 h5 24. Ne2 Be5 25. Rbd1 Red7 26. c5 bxc5 27. Qxc5 Rxd3 28. Rxd3 Rxd3 29. Qxa7 Rd2 30. Ng3 h4 31. Nf1 Rc2 32. Ne3 Bd4 33. Qb8 c5 34. Qa7+ Kh6 35. Nxc2 1-0

[Event "GER-ch Net blitz qual1"]
[Site "Playchess.com INT"]
[Date "2021.04.24"]
[Round "10"]
[White "Buring, Matthias"]
[Black "Bossy, Arnim"]
[Result "0-1"]
[WhiteElo "1819"]
[BlackElo "2110"]
[PlyCount "66"]
[EventDate "2021.04.24"]
[EventType "swiss (blitz)"]
[EventRounds "11"]
[EventCountry "GER"]
[SourceTitle "CBM 202 Extra"]
[Source "ChessBase"]
[SourceDate "2021.07.31"]
[SourceVersion "1"]
[SourceVersionDate "2021.07.31"]
[SourceQuality "1"]

1. d4 f5 2. Nf3 Nf6 3. c4 g6 4. Nc3 d6 5. Bg5 Nbd7 6. d5 Bg7 7. Nd4 Nc5 8. e3 0-0 9. b4 Nce4 10. Bxf6 Nxc3 11. Qc2 Bxf6 12. Qxc3 Bd7 13. Qb3 c6 14. Rd1 cxd5 15. cxd5 a6 16. Be2 Qb6 17. 0-0 f4 18. h3 fxe3 19. fxe3 Rac8 20. Bg4 Bxg4 21. hxg4 Bxd4 22. Rxd4 Rxf1+ 23. Kxf1 Qb5+ 24. Kg1 Rc1+ 25. Rd1 Rxd1+ 26. Qxd1 Qxb4 27. Qf3 Qe1+ 28. Kh2 Qh4+ 29. Kg1 Qg5 30. Qe4 Qe5 31. Qf3 b5 32. e4 Kg7 33. Kf2 b4 0-1

[Event "DSOL 04 Liga Final 1st"]
[Site "Playchess.com INT"]
[Date "2020.09.11"]
[Round "3.4"]
[White "Malditz, Dieter"]
[Black "Bossy, Arnim"]
[Result "0-1"]
[WhiteElo "1777"]
[BlackElo "2090"]
[PlyCount "74"]
[EventDate "2020.06.22"]
[EventType "team-k.o. (rapid)"]
[EventCountry "GER"]
[SourceTitle "EXT 2021"]
[Source "ChessBase"]
[SourceDate "2020.10.23"]
[SourceVersion "1"]
[SourceVersionDate "2020.10.23"]
[SourceQuality "1"]
[WhiteTeam "Ludwigshafen II"]
[BlackTeam "Buer Hassel"]
[WhiteTeamCountry "GER"]
[BlackTeamCountry "GER"]

1. d4 f5 2. Nf3 Nf6 3. c4 g6 4. Nc3 d6 5. g3 Bg7 6. Bg2 0-0 7. 0-0 c6 8. d5 e5 9. dxe6 Bxe6 10. b3 Na6 11. Bb2 Qe7 12. a3 Rad8 13. Qc2 d5 14. cxd5 Nxd5 15. Nxd5 Bxd5 16. Bxg7 Kxg7 17. Qc3+ Qf6 18. Qxf6+ Kxf6 19. b4 Nc7 20. e3 Ne6 21. Rab1 Rd7 22. Rfd1 Rfd8 23. Rdc1 Be4 24. Ra1 g5 25. Ne1 g4 26. Bxe4 fxe4 27. Ng2 Ng5 28. Nf4 Rd2 29. Kg2 Nf3 30. Rh1 Ne5 31. h3 gxh3+ 32. Rxh3 Ng4 33. Rf1 Nxe3+ 34. Kg1 Nxf1 35. Kxf1 Ra2 36. Rxh7 Rdd2 37. Nh3 e3 0-1

[Event "DSOL 04 Liga Gr-B 1st"]
[Site "Playchess.com INT"]
[Date "2020.06.25"]
[Round "1.4"]
[White "Bossy, Arnim"]
[Black "Pschyklenk, Lukas"]
[Result "1-0"]
[WhiteElo "2090"]
[BlackElo "1301"]
[PlyCount "81"]
[EventDate "2020.06.22"]
[EventType "team-tourn (rapid)"]
[EventCountry "GER"]
[SourceTitle "EXT 2021"]
[Source "ChessBase"]
[SourceDate "2020.10.23"]
[SourceVersion "1"]
[SourceVersionDate "2020.10.23"]
[SourceQuality "1"]
[WhiteTeam "Buer Hassel"]
[BlackTeam "Rheinbacher SF"]
[WhiteTeamCountry "GER"]
[BlackTeamCountry "GER"]

1. d4 g6 2. e4 Bg7 3. Nf3 d6 4. Bc4 e6 5. Bb3 Nf6 6. Qe2 0-0 7. e5 dxe5 8. dxe5 Nfd7 9. c3 Nc6 10. Bf4 Nc5 11. Bc2 a6 12. a4 Bd7 13. 0-0 b5 14. axb5 axb5 15. Nbd2 Qe7 16. h4 f6 17. exf6 Bxf6 18. Bg3 e5 19. Rfe1 Rxa1 20. Rxa1 Nd8 21. Qe3 Re8 22. b4 e4 23. Ng5 Bxg5 24. hxg5 Na4 25. Nxe4 Kh8 26. Qd4+ Qg7 27. Nf6 Re7 28. Nxd7 Qxd4 29. cxd4 Rxd7 30. Be5+ Kg8 31. Bxa4 bxa4 32. Rxa4 Nc6 33. b5 Nxe5 34. dxe5 Rd5 35. f4 Rxb5 36. Rc4 c5 37. Kf2 Kf7 38. Ke3 Rb3+ 39. Ke4 Rb4 40. Rxb4 cxb4 41. Kd4 1-0

[Event "EU-ch rapid"]
[Site "Tallinn"]
[Date "2019.12.05"]
[Round "2"]
[White "D'Costa, Lorin AR"]
[Black "Bossy, Arnim"]
[Result "0-1"]
[WhiteElo "2407"]
[BlackElo "2108"]
[PlyCount "68"]
[EventDate "2019.12.05"]
[EventType "swiss"]
[EventRounds "13"]
[EventCountry "EST"]
[SourceTitle "CBM 193 Extra"]
[Source "ChessBase"]
[SourceDate "2020.01.31"]
[SourceVersion "1"]
[SourceVersionDate "2020.01.31"]
[SourceQuality "1"]

1. d4 f5 2. Bg5 g6 3. Nc3 Bg7 4. h4 h6 5. Bf4 Nf6 6. Qd2 d6 7. 0-0-0 Nc6 8. e3 e6 9. Kb1 Qe7 10. f3 Bd7 11. Bg3 e5 12. Nge2 a6 13. Nc1 0-0-0 14. Bf2 Kb8 15. Bc4 Ka8 16. Rhe1 e4 17. a3 Bc8 18. Nd5 Nxd5 19. Bxd5 Bd7 20. Na2 Qe8 21. Nc3 exf3 22. gxf3 Ne7 23. Bb3 Ng8 24. e4 fxe4 25. fxe4 Nf6 26. Bg1 Ng4 27. Nd5 Kb8 28. Qa5 Rc8 29. Nb4 Rd8 30. e5 dxe5 31. dxe5 Bb5 32. a4 Rxd1+ 33. Rxd1 Qxe5 34. c3 Bd3+ 0-1

[Event "Hull 4NCL op"]
[Site "Hull"]
[Date "2019.11.02"]
[Round "2"]
[White "Ther, Mate T"]
[Black "Bossy, Arnim"]
[Result "1/2-1/2"]
[WhiteElo "2001"]
[BlackElo "2190"]
[PlyCount "26"]
[EventDate "2019.11.01"]
[EventType "swiss"]
[EventRounds "5"]
[EventCountry "ENG"]
[SourceTitle "CBM 192 Extra"]
[Source "Chessbase"]
[SourceDate "2019.11.06"]
[SourceVersion "1"]
[SourceVersionDate "2019.11.06"]
[SourceQuality "1"]

1. e4 d5 2. exd5 Nf6 3. Nf3 Bg4 4. d4 Qxd5 5. Be2 Nc6 6. h3 Bxf3 7. Bxf3 Qd7 8. Be3 0-0-0 9. c3 e6 10. Nd2 Kb8 11. 0-0 Rg8 12. a4 g5 13. a5 Nd5 1/2-1/2

[Event "Ruhrgebiet Verbandsklasse Gruppe 2 1819"]
[Site "Nordrheinwestfalen"]
[Date "2019.01.20"]
[Round "5.1"]
[White "Puetter, Pascal"]
[Black "Bossy, Arnim"]
[Result "1/2-1/2"]
[WhiteElo "1965"]
[BlackElo "2144"]
[PlyCount "24"]
[EventDate "2018.09.23"]
[EventType "team-tourn"]
[EventRounds "9"]
[EventCountry "GER"]
[SourceTitle "EXT 2022"]
[Source "ChessBase"]
[SourceDate "2021.10.06"]
[SourceVersion "1"]
[SourceVersionDate "2021.10.06"]
[SourceQuality "1"]
[WhiteTeam "Oberhausen SW"]
[BlackTeam "Buer Hassel"]
[WhiteTeamCountry "GER"]
[BlackTeamCountry "GER"]

1. e4 d5 2. exd5 Nf6 3. Nf3 Bg4 4. Be2 Qxd5 5. Nc3 Qd8 6. d4 e6 7. Be3 c6 8. 0-0 Nbd7 9. a4 Bd6 10. Qd2 Qc7 11. h3 Bh5 12. Rfb1 0-0 1/2-1/2

[Event "Ruhrgebiet Verbandsklasse Gruppe 2 1819"]
[Site "Nordrheinwestfalen"]
[Date "2018.11.04"]
[Round "3.2"]
[White "Landau, Christian"]
[Black "Bossy, Arnim"]
[Result "1/2-1/2"]
[WhiteElo "2048"]
[BlackElo "2117"]
[PlyCount "36"]
[EventDate "2018.09.23"]
[EventType "team-tourn"]
[EventRounds "9"]
[EventCountry "GER"]
[SourceTitle "EXT 2022"]
[Source "ChessBase"]
[SourceDate "2021.10.06"]
[SourceVersion "1"]
[SourceVersionDate "2021.10.06"]
[SourceQuality "1"]
[WhiteTeam "Steele/Kray Rochade"]
[BlackTeam "Buer Hassel"]
[WhiteTeamCountry "GER"]
[BlackTeamCountry "GER"]

1. e4 d5 2. exd5 Qxd5 3. Nc3 Qd8 4. g3 Nf6 5. Bg2 c6 6. Nge2 Bf5 7. 0-0 e6 8. Rb1 Be7 9. b4 a6 10. a4 0-0 11. d3 h6 12. Bd2 Bh7 13. b5 axb5 14. axb5 Nd5 15. bxc6 bxc6 16. Ra1 Nd7 17. Rxa8 Qxa8 18. Qa1 N7f6 1/2-1/2